Jesus and politics : (Record no. 5319)
[ view plain ]
| 000 -LEADER | |
|---|---|
| fixed length control field | 00645cam a22002054a 4500 |
| 001 - CONTROL NUMBER | |
| control field | 13800763 |
| 005 - DATE AND TIME OF LATEST TRANSACTION | |
| control field | 20250328185035.0 |
| 008 - FIXED-LENGTH DATA ELEMENTS--GENERAL INFORMATION | |
| fixed length control field | 041129s2005 miub b 001 0 eng |
| 020 ## - INTERNATIONAL STANDARD BOOK NUMBER | |
| International Standard Book Number | 0801027845 |
| 020 ## - INTERNATIONAL STANDARD BOOK NUMBER | |
| International Standard Book Number | 9780801027840 |
| 050 00 - LIBRARY OF CONGRESS CALL NUMBER | |
| Classification number | BR115.P7 |
| Item number | S754 2005 |
| 082 00 - DEWEY DECIMAL CLASSIFICATION NUMBER | |
| Classification number | 261.7 |
| Edition information | 22 |
| 100 1# - MAIN ENTRY--PERSONAL NAME | |
| Personal name | Storkey, Alan. |
| 245 10 - TITLE STATEMENT | |
| Title | Jesus and politics : |
| Remainder of title | confronting the powers / |
| Statement of responsibility, etc. | Alan Storkey. |
| 260 ## - PUBLICATION, DISTRIBUTION, ETC. | |
| Place of publication, distribution, etc. | Grand Rapids, MI : |
| Name of publisher, distributor, etc. | Baker Academic, |
| Date of publication, distribution, etc. | c2005. |
| 300 ## - PHYSICAL DESCRIPTION | |
| Extent | 336 p. : |
| Other physical details | maps ; |
| Dimensions | 23 cm. |
| 650 #0 - SUBJECT ADDED ENTRY--TOPICAL TERM | |
| Topical term or geographic name entry element | Christianity and politics. |
| 856 41 - ELECTRONIC LOCATION AND ACCESS | |
| Materials specified | Table of contents |
| Uniform Resource Identifier | <a href="http://www.loc.gov/catdir/toc/ecip055/2004028170.html">http://www.loc.gov/catdir/toc/ecip055/2004028170.html</a> |
| 942 ## - ADDED ENTRY ELEMENTS (KOHA) | |
| Source of classification or shelving scheme | Library of Congress Classification |
| Koha item type | Books |
| Suppress in OPAC | No |
| 999 ## - | |
| -- | 5319 |
| -- | 5319 |
| Withdrawn status | Lost status | Source of classification or shelving scheme | Damaged status | Not for loan | Collection | Home library | Current library | Shelving location | Date acquired | Total checkouts | Full call number | Barcode | Date last seen | Copy number | Price effective from | Koha item type |
|---|---|---|---|---|---|---|---|---|---|---|---|---|---|---|---|---|
| Library of Congress Classification | Non-fiction | Business Library (Miotso) | Business Library (Miotso) | General stacks | 03/28/2025 | BR115.P7 S754 2005 | BSSM00001683 | 03/28/2025 | 1 | 03/28/2025 | Books | |||||
| Library of Congress Classification | Non-fiction | Business Library (Miotso) | Business Library (Miotso) | General stacks | 03/28/2025 | BR115.P7 S754 2005 | BSSM00001684 | 03/28/2025 | 2 | 03/28/2025 | Books | |||||
| Library of Congress Classification | Non-fiction | Main Library (Kumasi) | Main Library (Kumasi) | General stacks | 04/20/2026 | BR115.P75754 STO | bssk00000043 | 04/20/2026 | 3 | 04/20/2026 | Books |